| 000 | 00598nam a22002051a 4500 | ||
|---|---|---|---|
| 001 | 2367 | ||
| 003 | OSt | ||
| 005 | 20260204211809.0 | ||
| 008 | 040218s2000||||xx ||||||b||||||||||spa|| | ||
| 020 | _a8471124483 | ||
| 050 | _a370.115 B41d | ||
| 082 | _a370.115 B41d | ||
| 100 | _aBeltran Llavador, Francisco | ||
| 245 | _aDiseñar la coherencia escolar: bases para el proyecto educativo / Francisco Beltran Llavador | ||
| 264 | _aSin lugar, desconocido o indeterminado : Morota | ||
| 300 | _a127 p | ||
| 650 | _a1.Educación: Desarrollo | ||
| 700 | _aMartín Alonzo, AngelÌ | ||
| 942 |
_2ddc _cBK |
||
| 999 |
_c2367 _d2367 |
||